Prace z zakresu planowania i ekonomiky regionu

Gespeichert in:
Bibliographische Detailangaben
Format: Buch
Sprache:Polnisch
Veröffentlicht: Kraków Akademia ekonomiczna 1983
Schriftenreihe:Zeszyty naukowe nr. 163
Tags: Tag hinzufügen
Keine Tags, Fügen Sie das erste Tag hinzu!

MARC

LEADER 00000nam a2200000 4500
001 c112743
005 20250509092735.5
041 0 |a pol 
044 |a PL 
245 1 0 |a Prace z zakresu planowania i ekonomiky regionu 
264 1 |a Kraków  |b Akademia ekonomiczna  |c 1983 
300 |a 252 s. 
490 1 |a Zeszyty naukowe  |v nr. 163 
830 0 |a Zeszyty naukowe  |v nr. 163